[Event "12th Open"]
[Site "Navalmoral de la Mata ESP"]
[Date "2006.12.06"]
[Round "2"]
[White "Gallardo Retortillo,E"]
[Black "Khamrakulov,I"]
[Result "0-1"]
[WhiteElo "2151"]
[BlackElo "2527"]

1.d4 Nf6 2.c4 g6 3.Nc3 d5 4.cxd5 Nxd5 5.e4 Nxc3 6.bxc3 Bg7 7.Nf3 O-O 8.Be2 c5
9.O-O b6 10.Be3 cxd4 11.cxd4 e6 12.Rc1 Bb7 13.Qd3 Nc6 14.Rfd1 Rc8 15.h4 h6
16.Qd2 Kh7 17.d5 exd5 18.exd5 Ne7 19.d6 Rxc1 20.Rxc1 Nd5 21.Bf4 Qd7 22.Bg3 Qe6
23.Bd3 Kg8 24.Bc4 Rd8 25.Qd3 Qf5 26.Qb3 Nf4 27.Bxf7+ Kh8 28.Bxf4 Qxf4 29.Rc7 Be4
30.Qc4 Qxd6 31.Rc8 Bf5 32.h5 Bxc8  0-1

[Event "3rd Rapid Masters"]
[Site "Benidorm ESP"]
[Date "2006.12.08"]
[Round "5"]
[White "Mihailovs,J"]
[Black "Vidarte Morales,A"]
[Result "1/2-1/2"]
[WhiteElo "2298"]
[BlackElo "2405"]

1.d4 Nf6 2.c4 g6 3.Nc3 d5 4.cxd5 Nxd5 5.e4 Nxc3 6.bxc3 Bg7 7.Bc4 O-O 8.Ne2 Nc6
9.Be3 b6 10.O-O Bb7 11.Qd2 Qd7 12.Bh6 Na5 13.Bd3 c5 14.Bxg7 Kxg7 15.f4 f5
16.exf5 gxf5 17.Qe3 Rf6 18.Ng3 Kh8 19.Rae1 Re8 20.Nh5 Qd5 21.Rf2 Rg8 22.Nxf6 Rxg2+
23.Kf1 Rg1+ 24.Ke2 Qxa2+ 25.Qd2 Qe6+ 26.Kd1 Rxe1+ 27.Qxe1 Qxf6 28.dxc5 Nb3
29.cxb6 Nc5 30.Bc2 axb6 31.Qe5 Qxe5 32.fxe5 e6 33.Rd2 Bd5 34.Ke1 Kg7 35.Bxf5 Na4
36.Rd3 Nxc3 37.Rxc3 Bf3 38.Rb3 Be4 39.Bg6 Kxg6 40.Rxb6 Kf5 41.Rb5 Bd5 42.Kf2 Kxe5  1/2-1/2

[Event "Bundesliga 2006-7"]
[Site "Bann GER"]
[Date "2006.12.09"]
[Round "5"]
[White "Feller,S"]
[Black "Giemsa,S"]
[Result "1-0"]
[WhiteElo "2424"]
[BlackElo "2276"]

1.d4 Nf6 2.c4 g6 3.Nc3 d5 4.cxd5 Nxd5 5.e4 Nxc3 6.bxc3 Bg7 7.Bc4 c5 8.Ne2 Nc6
9.Be3 O-O 10.O-O Na5 11.Bd3 cxd4 12.cxd4 b6 13.Qd2 Bb7 14.Rac1 e6 15.Bh6 Bxh6
16.Qxh6 Nc6 17.Qe3 Qd6 18.f4 Rfd8 19.d5 exd5 20.e5 Qe7 21.Qg3 Nb4 22.Nd4 Nxd3
23.Qxd3 Rac8 24.Rcd1 Rc4 25.Rfe1 Qb4 26.f5 Qc3 27.Qxc3 Rxc3 28.e6 fxe6 29.fxe6 Re8
30.Nb5 Rc6 31.Rxd5 Rexe6 32.Rd8+ Kf7 33.Rf1+ Ke7 34.Rh8 Rc2 35.Rxh7+ Ke8
36.Rxb7 Ree2 37.Nd6+ Kd8  1-0

[Event "Bundesliga 2006-7"]
[Site "Bremen GER"]
[Date "2006.12.09"]
[Round "5"]
[White "Naiditsch,A"]
[Black "McShane,L"]
[Result "1/2-1/2"]
[WhiteElo "2676"]
[BlackElo "2614"]

1.d4 Nf6 2.c4 g6 3.Nc3 d5 4.cxd5 Nxd5 5.e4 Nxc3 6.bxc3 Bg7 7.Bc4 c5 8.Ne2 O-O
9.O-O Nc6 10.Be3 e6 11.dxc5 Ne5 12.Bb3 Bd7 13.Nd4 Qh4 14.f3 Rfd8 15.Qd2 h6
16.Rfd1 Kh7 17.h3 a6 18.f4 Nc6 19.Nf3 Qe7 20.e5 Qe8 21.Qf2 Ne7 22.Nd2 Bc6
23.Nc4 Nf5 24.Nd6 Qe7 25.Bc2 f6 26.Bd4 fxe5 27.Bxe5 Bxe5 28.fxe5 Rf8 29.Ne4 Bxe4
30.Bxe4 Rac8 31.Rab1 Rc7 32.Rf1 Qg7 33.g4 Qxe5 34.Rbe1 Qxc3 35.gxf5 gxf5
36.Bg2 Rf6 37.Qe3 Qa5 38.Rb1 Rg6 39.Rb2 Rcg7 40.Kh1 Qd8 41.Qd2 Qe7 42.Qd6 Qf6
43.Rfb1 Qc3 44.Qd2 Qxc5 45.Rxb7 Rxb7 46.Rxb7+ Rg7 47.Qb2 e5 48.Rxg7+ Kxg7
49.Qb7+ Kf6 50.Qxa6+ Kg5 51.Qc6 Qe3 52.Qf3 Qd4 53.Qd5 Qf4 54.Qg8+ Kf6 55.Qf8+ Kg6
56.Qd6+ Kg5 57.Qc7 Kf6 58.Qb6+ Kg5 59.Qg1 Kf6 60.Qa1 Qa4 61.a3 h5 62.Qc3 Qd1+
63.Kh2 h4 64.Qe3 Qa4 65.Qh6+ Ke7 66.Qg7+ Ke6 67.Qg6+ Ke7 68.Qxf5 Qxa3 69.Qh7+ Kf8
70.Qh6+ Ke8 71.Bc6+ Kf7 72.Bd5+ Ke8 73.Qxh4 Qb2+ 74.Bg2 Qd4 75.Qh8+ Kf7 76.Qh7+ Kf6
77.Qc2 Qf4+ 78.Kh1 Kg7 79.Qd1 Kh6 80.Qg4 Qc1+ 81.Kh2 Qf4+ 82.Kg1 Qe3+ 83.Kf1 Qd3+
84.Kf2 Qd2+ 85.Kg1 Qe3+ 86.Kh1 Qc1+  1/2-1/2

[Event "FSGM December"]
[Site "Budapest HUN"]
[Date "2006.12.12"]
[Round "11"]
[White "Banusz,T"]
[Black "Boros,De"]
[Result "1-0"]
[WhiteElo "2450"]
[BlackElo "2465"]

1.d4 Nf6 2.c4 g6 3.Nc3 d5 4.cxd5 Nxd5 5.e4 Nxc3 6.bxc3 Bg7 7.Bc4 c5 8.Ne2 Nc6
9.Be3 cxd4 10.cxd4 b5 11.Bd5 Bd7 12.Rc1 Rc8 13.O-O O-O 14.Bxc6 Rxc6 15.Rxc6 Bxc6
16.d5 Bd7 17.Qd2 a5 18.Rc1 f5 19.Bd4 e5 20.Be3 Rf7 21.exf5 gxf5 22.f4 e4
23.Bd4 b4 24.Bxg7 Rxg7 25.Qd4 Rg6 26.Qe5 a4 27.Nd4 Qb6 28.Rc7 Qd6 29.Nc6 Qc5+
30.Nd4 Qd6 31.Kf2 b3 32.axb3 axb3 33.Rb7 h6 34.Rb8+ Kf7 35.Rxb3 Rf6 36.Rb7 Kg6
37.h3 h5 38.h4 Kf7 39.g3 Kg6 40.Kg2 Kf7 41.Nc6 e3 42.Kf3 Kg8 43.Ne7+ Kf7
44.Qxd6 Rxd6 45.Nc8 Rxd5 46.Nb6 Ke6 47.Nxd5 Bc6 48.Re7+ Kxd5 49.Kxe3  1-0

[Event "IM It"]
[Site "Eupen BEL"]
[Date "2006.12.14"]
[Round "7"]
[White "Komarov,D"]
[Black "Swinkels,R"]
[Result "1-0"]
[WhiteElo "2540"]
[BlackElo "2378"]

1.d4 Nf6 2.c4 g6 3.Nc3 d5 4.cxd5 Nxd5 5.e4 Nxc3 6.bxc3 Bg7 7.Bg5 c5 8.Rc1 cxd4
9.cxd4 O-O 10.Nf3 Bg4 11.d5 Qd6 12.Be2 e6 13.O-O exd5 14.Qxd5 Qxd5 15.exd5 Re8
16.Bb5 Bd7 17.Bxd7 Nxd7 18.Rc7 Nb6 19.Rd1 h6 20.Be3 Red8 21.d6 Rab8 22.d7 g5
23.g4 Bf6 24.h4 gxh4 25.Bxh6 Kh7 26.Be3 Rg8 27.g5 Be7 28.Kh2 Bd8 29.Bxb6 axb6
30.Rc8 Be7 31.Rxb8 Rxb8 32.Kh3 Kg7 33.Kg4 f6 34.Re1 Kf8 35.Nxh4 Rd8 36.Ng6+ Kf7
37.Nxe7 Rxd7 38.g6+ Kf8 39.Nf5 b5 40.Rc1 Rd8 41.Rc7 Rc8 42.Rxc8+  1-0

[Event "TCh-NED 2006-7"]
[Site "Netherlands NED"]
[Date "2006.12.16"]
[Round "4"]
[White "Ernst,S"]
[Black "Henrichs,T"]
[Result "1-0"]
[WhiteElo "2504"]
[BlackElo "2491"]

1.d4 Nf6 2.c4 g6 3.Nc3 d5 4.cxd5 Nxd5 5.e4 Nxc3 6.bxc3 Bg7 7.Nf3 c5 8.Rb1 O-O
9.Be2 Nc6 10.d5 Ne5 11.Nxe5 Bxe5 12.Qd2 e6 13.f4 Bc7 14.O-O exd5 15.exd5 Ba5
16.d6 b6 17.Bf3 Bf5 18.Bxa8 Bxb1 19.Bc6 Bf5 20.Re1 Qf6 21.Bb2 Rd8 22.Re8+ Rxe8
23.Bxe8 a6 24.a4 Qd8 25.Bc6 Bd7 26.Bxd7 Qxd7 27.f5 b5 28.axb5 axb5 29.g4 gxf5
30.Qg5+ Kf8 31.Qf6  1-0

[Event "6th Amplico AIG Life"]
[Site "Warsaw POL"]
[Date "2006.12.16"]
[Round "4"]
[White "Solys,L"]
[Black "Zezulkin,J"]
[Result "1/2-1/2"]
[WhiteElo "2321"]
[BlackElo "2448"]

1.d4 Nf6 2.c4 g6 3.Nc3 d5 4.cxd5 Nxd5 5.e4 Nxc3 6.bxc3 Bg7 7.Bc4 c5 8.Ne2 O-O
9.O-O Nc6 10.Be3 Qc7 11.Rc1 Rd8 12.Bf4 Qd7 13.dxc5 Na5 14.Qxd7 Bxd7 15.Bd5 Rdc8
16.Rb1 e6 17.Bxb7 Nxb7 18.Rxb7 Bc6 19.Rc7 Bxe4 20.Rd1 Bd5 21.Rxc8+ Rxc8 22.Bd6 Bxa2
23.Ra1 Bc4 24.Nd4 a6 25.Rb1 e5 26.Nf3 f6 27.Nd2 Bd5 28.Rb6 a5 29.Ra6 Bh6
30.Nb1 Ra8 31.Rb6 Rc8 32.Ra6 Ra8 33.Rb6 Bf8 34.Na3 Rc8 35.c4 Bc6 36.h4 a4
37.Ra6 Kf7 38.Kh2 Bxd6 39.cxd6 Ke6 40.Nb5 Bxb5 41.cxb5 Rc4 42.g3 Rb4 43.Kg2 f5
44.Kg1 e4 45.Kf1 Rb1+ 46.Kg2 Rb4 47.Kf1 Rxb5 48.Rxa4 Kxd6 49.Ra7 Rb1+ 50.Kg2 Rb2
51.Kg1 Kd5 52.Rd7+ Ke5 53.Re7+ Kd4 54.Rd7+ Kc4 55.Rxh7 Kd3 56.Ra7 Rc2 57.Ra6 Ke2
58.Kg2 Ke1 59.Rxg6 Rxf2+ 60.Kg1 Rf1+ 61.Kg2 Rf2+ 62.Kg1 e3 63.h5 Rf1+ 64.Kg2 Rf2+
65.Kg1 Rf1+ 66.Kg2 e2 67.h6 Rf2+ 68.Kh3 Kf1 69.Re6 e1=Q 70.Rxe1+ Kxe1 71.h7 Rf1
72.Kg2 Rf2+ 73.Kh3 Rf1 74.Kg2 Rf2+ 75.Kh3  1/2-1/2

[Event "6th Amplico AIG Life"]
[Site "Warsaw POL"]
[Date "2006.12.16"]
[Round "5"]
[White "Cherednichenko,S"]
[Black "Hunt,A"]
[Result "0-1"]
[WhiteElo "2273"]
[BlackElo "2462"]

1.d4 Nf6 2.c4 g6 3.Nc3 d5 4.cxd5 Nxd5 5.e4 Nxc3 6.bxc3 Bg7 7.Be3 c5 8.Bc4 O-O
9.Ne2 Nc6 10.O-O Bg4 11.f3 Na5 12.Bxf7+ Rxf7 13.fxg4 Rxf1+ 14.Qxf1 Nc4 15.Qf3 Qd7
16.h3 Rf8 17.Qg3 Qb5 18.Bg5 cxd4 19.Bxe7 Re8 20.Qc7 Ne3 21.Kf2 Nc2 22.Rd1 Ne3
23.Rxd4 Bxd4 24.Nxd4 Nd1+ 25.Ke1 Qd3 26.Qe5 Qxc3+ 27.Kxd1 Qa1+ 28.Ke2 Qxa2+
29.Ke1 Qf7  0-1

[Event "6th Amplico AIG Life"]
[Site "Warsaw POL"]
[Date "2006.12.16"]
[Round "6"]
[White "Gajewski,G"]
[Black "Schmidt,Wl"]
[Result "1-0"]
[WhiteElo "2515"]
[BlackElo "2435"]

1.d4 Nf6 2.c4 g6 3.Nc3 d5 4.cxd5 Nxd5 5.e4 Nxc3 6.bxc3 Bg7 7.Nf3 c5 8.Rb1 O-O
9.Be2 cxd4 10.cxd4 Qa5+ 11.Bd2 Qxa2 12.O-O Bg4 13.Rxb7 Nc6 14.d5 Bxf3 15.Bxf3 Nd4
16.Rxe7 Nxf3+ 17.gxf3 a5 18.Rb7 a4 19.Bb4 Rfb8 20.Rxb8+ Rxb8 21.Bd6 Re8 22.Qc1 Qb3
23.Kg2 Qb5 24.Qc2 Qd7 25.Qc6 Qxc6 26.dxc6 Bb2 27.Bf4 a3 28.Bc1 Rc8 29.Bxb2 axb2
30.Rb1 Rxc6 31.Rxb2 Rc7 32.Kg3 Kg7 33.Kf4 Rc1 34.Rb7 Rh1 35.Kg3 Re1 36.Rb8 Rg1+
37.Kh3 Re1 38.Kg2 h5 39.Re8 f6 40.Re7+ Kf8 41.Rb7 Kg8 42.h4 Kf8 43.Kg3 Re2
44.Rb8+ Kf7 45.Rb7+ Kf8 46.Ra7 Kg8 47.Ra3 Kf7 48.Re3 Ra2 49.Re1 Ke6 50.Rb1 Rc2
51.Rb7 f5 52.Rb6+ Kf7 53.exf5 gxf5 54.Kf4 Rxf2 55.Rh6 Kg7 56.Rxh5 Kg6 57.Rg5+ Kf7
58.Rxf5+ Kg6 59.Rg5+ Kf6 60.Ra5 Rh2 61.Ra6+ Kg7 62.Kg4 Rg2+ 63.Kf5 Rh2 64.Ra4 Rh1
65.Rg4+ Kf7 66.Kg5 Ra1 67.f4 Ra8 68.h5 Rg8+ 69.Kf5 Rh8 70.Kg5 Rh7 71.h6 Rh8
72.Rh4 Rg8+ 73.Kf5 Rf8 74.Rg4 Ra8 75.Rg7+ Kf8 76.Rb7 Kg8 77.Kg5 Ra1 78.f5 Ra6  1-0

[Event "6th Amplico AIG Life"]
[Site "Warsaw POL"]
[Date "2006.12.17"]
[Round "9"]
[White "Dziuba,M"]
[Black "Hunt,A"]
[Result "1-0"]
[WhiteElo "2535"]
[BlackElo "2462"]

1.d4 Nf6 2.c4 g6 3.Nc3 d5 4.cxd5 Nxd5 5.e4 Nxc3 6.bxc3 Bg7 7.Nf3 c5 8.Be2 Nc6
9.d5 Ne5 10.Nxe5 Bxe5 11.Qc2 e6 12.O-O exd5 13.exd5 O-O 14.Bf3 Bf5 15.Qd2 Qh4
16.g3 Qf6 17.Bb2 c4 18.Rfe1 Bd6 19.Bg2 Bc5 20.a4 Qd6 21.a5 Rfe8 22.Bf1 Bd3
23.Bg2 Qa6 24.h4 Qb5 25.h5 Rxe1+ 26.Rxe1 Re8 27.Bc1 Qd7 28.Kh2 Re7 29.h6 Kf8
30.Rxe7 Qxe7 31.Qf4 Qd6 32.Qg4 f5 33.Qh4 Kf7 34.Bf4 Qf6 35.Bg5 Qxc3 36.Qf4 Qxa5
37.Qe5 Qb6 38.d6 Qxd6 39.Bd5+  1-0

[Event "6th Amplico AIG Life"]
[Site "Warsaw POL"]
[Date "2006.12.17"]
[Round "10"]
[White "Wojtaszek,R"]
[Black "Schmidt,Wl"]
[Result "1-0"]
[WhiteElo "2630"]
[BlackElo "2435"]

1.d4 Nf6 2.c4 g6 3.Nc3 d5 4.cxd5 Nxd5 5.e4 Nxc3 6.bxc3 Bg7 7.Nf3 c5 8.Rb1 O-O
9.Be2 cxd4 10.cxd4 Qa5+ 11.Bd2 Qxa2 12.O-O Bg4 13.Rxb7 Bxf3 14.Bxf3 Bxd4
15.Bb4 Nc6 16.Bxe7 Rfe8 17.Bg5 Qa6 18.Rd7 Bb6 19.Qd5 Ne5 20.Re7 Nxf3+ 21.gxf3 Rf8
22.Rxf7 Rxf7 23.Qxa8+ Kg7 24.e5 Bd4 25.Bf6+ Rxf6 26.exf6+ Qxf6 27.Qe4 Qg5+
28.Qg4 Qd2 29.Qg3 h5 30.Rb1 a5 31.Rb7+ Kh6 32.h4 Qc1+ 33.Kg2 Bf6 34.Rf7 Bd8
35.f4 Qc5 36.Qg5+  1-0

[Event "6th Amplico AIG Life"]
[Site "Warsaw POL"]
[Date "2006.12.17"]
[Round "11"]
[White "Rajlich,I"]
[Black "Hunt,A"]
[Result "0-1"]
[WhiteElo "2432"]
[BlackElo "2462"]

1.d4 Nf6 2.c4 g6 3.Nc3 d5 4.cxd5 Nxd5 5.e4 Nxc3 6.bxc3 Bg7 7.Nf3 c5 8.Rb1 cxd4
9.cxd4 O-O 10.Be2 b6 11.O-O Bb7 12.d5 Nd7 13.Be3 Rc8 14.Qa4 a6 15.Rfc1 b5
16.Qb4 Ne5 17.a4 f5 18.Rxc8 Bxc8 19.Bg5 Rf7 20.axb5 axb5 21.Ra1 Nxf3+ 22.Bxf3 Bxa1
23.Qxb5 fxe4 24.Bxe4 Bd4 25.Bh4 Qb6 26.Qe8+ Rf8 27.Qxe7 Bxf2+  0-1

[Event "44th National A ch-IND"]
[Site "Atul IND"]
[Date "2006.12.18"]
[Round "1"]
[White "Poobesh Anand,S"]
[Black "Karavade,E"]
[Result "1/2-1/2"]
[WhiteElo "2416"]
[BlackElo "2321"]

1.d4 Nf6 2.c4 g6 3.Nc3 d5 4.cxd5 Nxd5 5.e4 Nxc3 6.bxc3 Bg7 7.Be3 c5 8.Qd2 Qa5
9.Rc1 cxd4 10.cxd4 Qxd2+ 11.Bxd2 O-O 12.Nf3 Bg4 13.Be3 Nc6 14.d5 Bxf3 15.gxf3 Nd4
16.Be2 Rac8 17.Kd2 e6 18.Kd3 Nb5 19.Rxc8 Rxc8 20.Rb1 a6 21.a4 Nc3 22.Rxb7 exd5
23.exd5 Nxd5 24.Bd1 Rd8 25.Bb3 Nxe3+ 26.Kxe3 Bd4+ 27.Ke2 Rf8 28.Rc7 a5  1/2-1/2

[Event "XIX Carlos Torre Mem KO"]
[Site "Merida MEX"]
[Date "2006.12.18"]
[Round "1.2"]
[White "Graf,A"]
[Black "Gonzalez Zamora,J"]
[Result "1-0"]
[WhiteElo "2601"]
[BlackElo "2517"]

1.d4 Nf6 2.c4 g6 3.Nc3 d5 4.cxd5 Nxd5 5.e4 Nxc3 6.bxc3 Bg7 7.Nf3 O-O 8.Be2 b6
9.O-O Bb7 10.Qc2 c5 11.Bg5 Qc7 12.d5 Bf6 13.Bh6 Rd8 14.Rae1 Nd7 15.Nd2 Bg7
16.Bxg7 Kxg7 17.Bb5 Nf6 18.c4 Nh5 19.Ba4 e5 20.Qc3 Kg8 21.Bd1 Ng7 22.f4 Re8
23.Ba4 Re7 24.fxe5 Qxe5 25.Qxe5 Rxe5 26.Nf3 Re7 27.e5 h6 28.g4 Rd8 29.Nd2 Bxd5
30.cxd5 Rxd5 31.Ne4 Rdxe5 32.Nf6+ Kh8 33.Rd1 Ne6 34.Nd5 Rb7 35.Bc6 Rb8 36.Rxf7 Ng5
37.Rxa7 Rf8 38.Nf4  1-0

[Event "44th National A ch-IND"]
[Site "Atul IND"]
[Date "2006.12.21"]
[Round "5"]
[White "Murali Krishnan,B"]
[Black "Aswin,J"]
[Result "1/2-1/2"]
[WhiteElo "2364"]
[BlackElo "2322"]

1.d4 Nf6 2.c4 g6 3.Nc3 d5 4.cxd5 Nxd5 5.e4 Nxc3 6.bxc3 Bg7 7.Be3 c5 8.Qd2 O-O
9.Rc1 Qa5 10.Nf3 Rd8 11.d5 e6 12.c4 Qxd2+ 13.Nxd2 b6 14.Be2 Na6 15.O-O Nb4
16.a3 Na2 17.Rc2 Nc3 18.Bd3 exd5 19.cxd5 Bd7 20.Rfc1 Nb5 21.a4 Nd4 22.Ra2 f5
23.f3 h6 24.Rb1 g5 25.h3 Be8 26.Kh1 Rab8 27.Bg1 Bg6 28.Bh2 Rb7 29.Nb3 fxe4
30.fxe4 Re7 31.Nxd4 Bxd4 32.Re2 Be5 33.a5 Rd6 34.Bxe5 Rxe5 35.axb6 axb6 36.Reb2 Bxe4
37.Bxe4 Rxe4 38.Rxb6 Rxb6 39.Rxb6 Rd4  1/2-1/2

[Event "27th Open A"]
[Site "Bethune FRA"]
[Date "2006.12.26"]
[Round "1"]
[White "Gladyszev,O"]
[Black "Moussard,J"]
[Result "1-0"]
[WhiteElo "2463"]
[BlackElo "2172"]

1.d4 Nf6 2.c4 g6 3.Nc3 d5 4.cxd5 Nxd5 5.e4 Nxc3 6.bxc3 Bg7 7.Nf3 O-O 8.Be2 c5
9.O-O cxd4 10.cxd4 b6 11.Bg5 Bb7 12.Qd3 Nd7 13.Rad1 Nf6 14.d5 Qd7 15.Qb1 h6
16.Be3 Rfc8 17.h3 Qa4 18.Nd4 a6 19.Qxb6 Rab8 20.Bf4 Nd7 21.Qb3 Qxb3 22.Nxb3 Ne5
23.Rc1 e6 24.dxe6 Bxe4 25.Nc5 Bd5 26.Nd7 Rxc1 27.Rxc1 Re8 28.Bxe5 Bxe5 29.Nxe5 Rxe6
30.f4 f6 31.Rc8+ Kg7 32.Rc7+ Kg8 33.Nxg6 Rxe2 34.Ne7+ Rxe7 35.Rxe7 Bxa2 36.Rc7  1-0

[Event "27th Open A"]
[Site "Bethune FRA"]
[Date "2006.12.26"]
[Round "1"]
[White "Guilbert,J"]
[Black "Schut,L"]
[Result "1-0"]
[WhiteElo "2062"]
[BlackElo "1967"]

1.d4 Nf6 2.c4 g6 3.Nc3 d5 4.cxd5 Nxd5 5.e4 Nxc3 6.bxc3 Bg7 7.Nf3 c5 8.Be3 Nc6
9.Rc1 cxd4 10.cxd4 Qa5+ 11.Bd2 Qxa2 12.d5 Na5 13.Bb5+ Bd7 14.Bxd7+ Kxd7 15.Rc2 Qa3
16.Qb1 Qb3 17.O-O b6 18.Bxa5 Qxb1 19.Rxb1 bxa5 20.Rb7+ Ke8 21.Rcc7 Bf8 22.Ne5 a4
23.Rxa7 Rxa7 24.Rc8+  1-0

[Event "15th Donau Open"]
[Site "Aschach an der Donau AUT"]
[Date "2006.12.27"]
[Round "2"]
[White "Czakon,J"]
[Black "Studnicka,T"]
[Result "1-0"]
[WhiteElo "2486"]
[BlackElo "2317"]

1.d4 Nf6 2.c4 g6 3.Nc3 d5 4.cxd5 Nxd5 5.e4 Nxc3 6.bxc3 Bg7 7.Qa4+ Nd7 8.Nf3 O-O
9.Bg5 c5 10.Rb1 a6 11.Qa3 Re8 12.Bd3 Qc7 13.O-O b6 14.Rfc1 Bb7 15.Qb2 e6
16.Qd2 c4 17.Bc2 f5 18.Bf4 Qc6 19.d5 exd5 20.exf5 d4 21.cxd4 gxf5 22.Bxf5 Nf6
23.Qc2 b5 24.Be5 Re7 25.a4 Qd5 26.Re1 Rae8 27.Qd2 Bc6 28.Qa5 Qf7 29.Bg3 Rxe1+
30.Rxe1 Rxe1+ 31.Qxe1 Bd5 32.Qa5 Ne8 33.Bxh7+ Kh8 34.Bc2 Bxf3 35.gxf3 Bxd4
36.axb5 axb5 37.Qxb5 Nf6 38.Qg5 Qh5 39.Qf4 Qc5 40.Bh4 Kg7 41.Qg3+ Kf7 42.Qg6+ Ke6
43.f4 Qh5 44.f5+ Kd6 45.Bg3+ Kc5 46.Qg7 Kb4 47.Qe7+ Kc3 48.Ba4 Kd3 49.Qa3+ Bc3
50.Qc1 Qe2 51.Bc2+ Kd4 52.Qf4+ Kc5 53.Qc7+ Kb5 54.Qb8+ Ka6 55.Ba4 Qe1+ 56.Kg2 Qe4+
57.f3 Qe2+ 58.Bf2 Bd4 59.Qd6+ Ka5 60.Qxd4 Kxa4 61.Qxf6 Kb3 62.Qe6 Qd3 63.Qe3  1-0

[Event "27th Open A"]
[Site "Bethune FRA"]
[Date "2006.12.28"]
[Round "5"]
[White "Gladyszev,O"]
[Black "Bolzoni,V"]
[Result "1-0"]
[WhiteElo "2463"]
[BlackElo "2203"]

1.d4 Nf6 2.c4 g6 3.Nc3 d5 4.cxd5 Nxd5 5.e4 Nxc3 6.bxc3 Bg7 7.Nf3 c5 8.Be2 O-O
9.O-O cxd4 10.cxd4 Nc6 11.Be3 Bg4 12.d5 Ne5 13.Nxe5 Bxe2 14.Qxe2 Bxe5 15.Rab1 b6
16.f4 Bg7 17.Rbd1 Rc8 18.e5 Qd7 19.Rd2 Qa4 20.d6 exd6 21.exd6 Rfd8 22.f5 Bc3
23.fxg6 hxg6 24.Qf3 Qe8 25.Rd3 Be5 26.Bf4 Bxf4 27.Qxf4 Rd7 28.Qd4 Qf8 29.h4 Rcd8
30.Rf6 Qh6 31.Kh2 Re8 32.Qg4 Red8 33.Rd5 b5 34.h5 a6 35.Qd4 Rc8 36.Qg4 Rdd8
37.Rf4 Rc6 38.Rfd4 Kh7 39.d7 f5 40.Qh3 gxh5 41.Rxf5 Kg6 42.Rdd5 Rf6 43.Rxf6+  1-0

[Event "Harmonie"]
[Site "Groningen NED"]
[Date "2006.12.29"]
[Round "7"]
[White "Degtiarev,E"]
[Black "Van Beek,Al"]
[Result "1/2-1/2"]
[WhiteElo "2393"]
[BlackElo "2379"]

1.d4 Nf6 2.c4 g6 3.Nc3 d5 4.cxd5 Nxd5 5.e4 Nxc3 6.bxc3 Bg7 7.Bc4 c5 8.Ne2 O-O
9.O-O Nc6 10.Be3 Bg4 11.f3 Na5 12.Bd3 cxd4 13.cxd4 Be6 14.d5 Bxa1 15.Qxa1 f6
16.Qd4 Bd7 17.e5 fxe5 18.Qxe5 Qb8 19.Qxe7 Re8 20.Qc5 b6 21.Qc1 Qe5 22.Bd4 Qxd5
23.Be4 Qxa2 24.Qh6 Qf7 25.Bd5 Be6 26.Bxa8 Rxa8 27.Ng3 Rd8 28.Ba1 Nb3 29.Be5 Rd5
30.f4 Nd4 31.Rc1 Nf5 32.Nxf5 Bxf5 33.Rc7 Rd1+ 34.Kf2 Bd7 35.Rxa7 Rd2+ 36.Kg1 Rxg2+
37.Kxg2 Bc6+ 38.Kg3 Qxa7 39.Qg5 Qa3+ 40.Kh4 Qf8 41.Bd4 Qf5  1/2-1/2

[Event "15th Donau Open"]
[Site "Aschach an der Donau AUT"]
[Date "2006.12.30"]
[Round "6"]
[White "Czakon,J"]
[Black "Pakleza,Z"]
[Result "1-0"]
[WhiteElo "2486"]
[BlackElo "2414"]

1.d4 Nf6 2.c4 g6 3.Nc3 d5 4.cxd5 Nxd5 5.e4 Nxc3 6.bxc3 Bg7 7.Qa4+ Bd7 8.Qa3 b6
9.Nf3 c5 10.Bg5 cxd4 11.cxd4 Nc6 12.Rd1 h6 13.Bf4 O-O 14.d5 Na5 15.Ne5 Qc7
16.Rc1 Qd8 17.Ba6 g5 18.Bg3 f5 19.exf5 Bxe5 20.Bxe5 Rxf5 21.Qe3 Bb5 22.Bxb5 Qxd5
23.Ba1 Qxb5 24.Qe6+ Kh7 25.Qxe7+ Kg6 26.Qe6+ Kh5 27.g4+ Kxg4 28.Qe4+ Rf4
29.Qxa8 Qb4+ 30.Bc3 Qe7+ 31.Kd1 Rxf2 32.Rc2 Rxc2 33.Kxc2 Qe2+ 34.Kc1  1-0

[Event "Masters"]
[Site "Singapore SIN"]
[Date "2006.12.30"]
[Round "9"]
[White "Wang Rui"]
[Black "Zhang Jilin"]
[Result "0-1"]
[WhiteElo "2463"]
[BlackElo "2292"]

1.d4 Nf6 2.c4 g6 3.Nc3 d5 4.cxd5 Nxd5 5.e4 Nxc3 6.bxc3 Bg7 7.Bc4 O-O 8.Ne2 c5
9.O-O Nc6 10.Be3 Bg4 11.f3 cxd4 12.cxd4 Na5 13.Bxf7+ Rxf7 14.fxg4 Rxf1+ 15.Kxf1 Qd6
16.Kg1 Qe6 17.Ng3 Rd8 18.Rc1 Nc4 19.Bf2 b5 20.a4 a6 21.d5 Qe5 22.axb5 axb5
23.Qb3 Qf4 24.Re1 Rf8 25.Bc5 Be5 26.Qxb5 Qd2 27.Rb1 Rb8 28.Qxc4 Rxb1+ 29.Nf1 Rc1  0-1

[Event "XVII Cracovia A"]
[Site "Krakow POL"]
[Date "2007.01.03"]
[Round "8"]
[White "Jedynak,R"]
[Black "Shishkin,Va UKR"]
[Result "1/2-1/2"]
[WhiteElo "2559"]
[BlackElo "2484"]

1.d4 Nf6 2.c4 g6 3.Nc3 d5 4.cxd5 Nxd5 5.e4 Nxc3 6.bxc3 Bg7 7.Nf3 c5 8.Rb1 O-O
9.Be2 b6 10.O-O Bb7 11.Qd3 Ba6 12.Qe3 Qd7 13.dxc5 Bxe2 14.Qxe2 bxc5 15.Qc4 Qc6
16.e5 Nd7 17.Re1 e6 18.Bg5 Rfb8 19.Qf4 Rxb1 20.Rxb1 Qd5 21.Re1 Qxa2 22.h4 Rb8
23.Qe4 Qd5 24.Qf4 Qd3 25.Qa4 Rb1 26.Rxb1 Qxb1+ 27.Kh2 Qb7 28.Be7 h6 29.Bd6 a6
30.Qa5 Qc8 31.c4 Kh7 32.Qc7 Qxc7 33.Bxc7 f5 34.Kg1 a5 35.Bxa5 Bxe5 36.Nxe5 Nxe5
37.Bb6 Nd7 38.Bd8 e5 39.f3 Kg7 40.Kf2 Kf7 41.Ke3 Ke6 42.Ba5 h5 43.Bc7 Nf6
44.Bb6 Kd6 45.Bd8 Ne8 46.Kd3 Ng7 47.Ba5 Ne6 48.Bd2 Nd4 49.Bh6 Ne6 50.Bd2 Kc6
51.Be3 Kb6 52.Bd2 Ka6 53.Ke3 Nf4 54.g3 Ne6 55.Bc3 Nd4 56.f4 e4 57.Bxd4 cxd4+
58.Kxd4 Kb6 59.c5+ Kb7 60.Kc4 Kc6 61.Kd4 e3 62.Kxe3 Kxc5 63.Kd3 Kd5 64.Ke3 Kc4
65.Ke2 Kd4 66.Kd2 Ke4 67.Ke2 Kd4 68.Kd2 Ke4  1/2-1/2

[Event "Open"]
[Site "Verona ITA"]
[Date "2007.01.03"]
[Round "1"]
[White "Luciani,V"]
[Black "Teodonio,F"]
[Result "1-0"]
[WhiteElo "2243"]
[BlackElo "2064"]

1.d4 Nf6 2.c4 g6 3.Nc3 d5 4.cxd5 Nxd5 5.e4 Nxc3 6.bxc3 Bg7 7.Bc4 c5 8.Ne2 Nc6
9.Be3 O-O 10.Rc1 Qc7 11.h4 Rd8 12.h5 e5 13.hxg6 hxg6 14.Bh6 exd4 15.Bxg7 dxc3
16.Bf6  1-0

[Event "Open"]
[Site "Verona ITA"]
[Date "2007.01.06"]
[Round "6"]
[White "Radice,L"]
[Black "Teodonio,F"]
[Result "1-0"]
[WhiteElo "2076"]
[BlackElo "2064"]

1.d4 Nf6 2.c4 g6 3.Nc3 d5 4.cxd5 Nxd5 5.e4 Nxc3 6.bxc3 Bg7 7.Bc4 c5 8.Ne2 O-O
9.Be3 Nc6 10.Rc1 Qc7 11.O-O Rd8 12.h3 a6 13.Qd2 Qa5 14.Rfd1 b5 15.Bd5 Bb7
16.Bh6 e6 17.Bxg7 Kxg7 18.Bxc6 Bxc6 19.Qg5 Rac8 20.Ng3 Qc7 21.Qxc5 Qf4 22.Qa3 h5
23.e5 h4 24.Nf1 Qe4 25.f3 Qf5 26.Qb2 Qf4 27.Qd2 Qf5 28.Ne3 Qg5 29.Ng4 Qxd2
30.Rxd2 Bd5 31.Ne3 Rc7 32.a4 Rdc8 33.axb5 axb5 34.Nxd5 exd5 35.Rb2 Rxc3 36.Rxc3 Rxc3
37.Rxb5 Rc1+ 38.Kh2  1-0

[Event "49th It"]
[Site "Reggio Emilia ITA"]
[Date "2007.01.07"]
[Round "9"]
[White "Khenkin,I"]
[Black "Mogranzini,R"]
[Result "1-0"]
[WhiteElo "2620"]
[BlackElo "2401"]

1.d4 Nf6 2.c4 g6 3.Nc3 d5 4.cxd5 Nxd5 5.e4 Nxc3 6.bxc3 Bg7 7.Bc4 c5 8.Ne2 O-O
9.O-O Nc6 10.Be3 Bd7 11.Rb1 Qc7 12.Bd3 a6 13.Qd2 Rad8 14.Bh6 Bxh6 15.Qxh6 Bg4
16.f3 Bc8 17.d5 Ne5 18.Qe3 c4 19.Bc2 Nd7 20.f4 Nf6 21.h3 e6 22.dxe6 Bxe6
23.f5 Bc8 24.Nd4 Rde8 25.Qh6 b5 26.Nf3 Bb7 27.Ng5 Re7 28.Rf3 Qe5 29.Rbf1 a5
30.Nxh7 Nxh7 31.fxg6 f6 32.gxh7+ Rxh7 33.Qe3 b4 34.Rg3+ Kh8 35.Rf5 Qc7 36.e5 b3
37.axb3 cxb3 38.Bxb3 a4 39.Rxf6  1-0

[Event "5th Parsvnath Open"]
[Site "New Delhi IND"]
[Date "2007.01.16"]
[Round "3"]
[White "Arvind,C"]
[Black "Sundararajan,K"]
[Result "0-1"]
[WhiteElo "2260"]
[BlackElo "2462"]

1.d4 Nf6 2.c4 g6 3.Nc3 d5 4.cxd5 Nxd5 5.e4 Nxc3 6.bxc3 Bg7 7.Be3 c5 8.Qd2 O-O
9.Rc1 Qa5 10.Nf3 Rd8 11.d5 e6 12.c4 Qxd2+ 13.Nxd2 b6 14.Be2 exd5 15.cxd5 Ba6
16.a4 f5 17.f3 Re8 18.Bb5 Bxb5 19.axb5 Nd7 20.Ke2 Nf6 21.Rc4 f4 22.Bxf4 Nxd5
23.Bg3 Nc3+ 24.Rxc3 Bxc3 25.Nc4 a6 26.Nxb6 axb5 27.Nxa8 Rxa8 28.Kd3 Ra3 29.Kc2 b4
30.Kd3 Bd4+ 31.Kc4 b3 32.Kd3 b2+ 33.Kc2 c4 34.Rd1 Ra1 35.Rb1 c3 36.Be1 Kf7
37.g4 Ke6  0-1

[Event "Gibtelecom Masters"]
[Site "Catalan Bay ENG"]
[Date "2007.01.23"]
[Round "1"]
[White "Heinis,V"]
[Black "Carame Gonzalez,F"]
[Result "1/2-1/2"]
[WhiteElo "2156"]
[BlackElo "1916"]

1.d4 Nf6 2.c4 g6 3.Nc3 d5 4.cxd5 Nxd5 5.e4 Nxc3 6.bxc3 Bg7 7.Bc4 c5 8.Ne2 Nc6
9.Be3 cxd4 10.cxd4 O-O 11.O-O Bg4 12.f3 Na5 13.Bd3 Be6 14.Rc1 Bxa2 15.Qa4 Bb3
16.Qb4 b6 17.Bg5 f6 18.Bh4 Qd6 19.Qxd6 exd6 20.d5 Rfc8 21.Ba6 Rc5 22.Nd4 Bc4
23.Bxc4 Nxc4 24.Bf2 Ne5 25.Ne6 Rc4 26.Ra1 Nd7 27.Rfb1 f5 28.Nxg7 Kxg7 29.exf5 gxf5
30.Bxb6 Nxb6 31.Rxb6 axb6 32.Rxa8 Rc5 33.Kf2 Rxd5 34.Ke3 b5 35.Ra7+ Kg6 36.g4 fxg4
37.fxg4 h5 38.gxh5+ Rxh5 39.Ra6  1/2-1/2

[Event "ch-Kyiv"]
[Site "Kyiv UKR"]
[Date "2007.01.23"]
[Round "4"]
[White "Sidorchuk,D"]
[Black "Bidkov,A"]
[Result "1-0"]
[WhiteElo "2220"]
[BlackElo "2132"]

1.d4 Nf6 2.c4 g6 3.Nc3 d5 4.cxd5 Nxd5 5.e4 Nxc3 6.bxc3 Bg7 7.Nf3 c5 8.Rb1 O-O
9.Be2 Nc6 10.d5 Ne5 11.Nxe5 Bxe5 12.Qd2 Qa5 13.Rb3 Bd7 14.f4 Bg7 15.c4 Qc7
16.e5 Rad8 17.O-O f6 18.d6 exd6 19.exd6 Qc8 20.Bf3 Bc6 21.f5 Bxf3 22.Rbxf3 Qc6
23.Rd3 Rf7 24.Bb2 Bf8 25.Rd1 Qe4 26.fxg6 hxg6 27.d7 Qxc4 28.Qa5 Be7 29.Qxa7 Qb5
30.Bc3 Qc6 31.Qa5 b6 32.Qa6 c4 33.Rd5 Kg7 34.Kh1 Bf8 35.h3 Bc5 36.Qxc4 Rfxd7
37.Rxd7+ Rxd7 38.Rf1 Rf7 39.a4 Qd6 40.Qf4 Qe6 41.Bd2 g5 42.Qf3 Rf8 43.Bc3 Kg6
44.g4 Kg7 45.Qb7+ Rf7 46.Rxf6 Qe1+ 47.Rf1+  1-0